An Idiosyncratic Ethics, Or, the Lauramachean Ethics /
This book is an original synthesis of four elements: (1) the phenomenology of value, (2) caring, (3) the moral imagination, and (4) Kant's formula of humanity. The striking result is an ethics of caring that develops our shared humanity. The probing analysis and pungent argument are assisted by...
Main Author:
Format: eBook
Language: English
Published:
Leiden; Boston :
BRILL,
1994.
Series:
Value Inquiry Book Series ;
9.
Subjects:
Online Access: Login to view Source
Tags: Add Tag
Call Number: NA2500
| LEADER | 02078nam a22004451i 4500 | ||
|---|---|---|---|
| 001 | BRILL9789004463776 | ||
| 003 | nllekb | ||
| 005 | 20220607122204.0 | ||
| 006 | m d | ||
| 007 | cr un uuuua | ||
| 008 | 201027s1994 ne sb 001 0 eng d | ||
| 010 | |z 2002399757 | ||
| 020 | |a 9789004463776 |q (electronic book) | ||
| 020 | |a 9789051836820 |q (print) | ||
| 024 | 7 | |a 10.1163/9789004463776 |2 DOI | |
| 035 | |z (OCoLC)32607253 | ||
| 040 | |a NL-LeKB |c NL-LeKB |e rda | ||
| 050 | 4 | |a NA2500 | |
| 072 | 7 | |a HPQ |2 bicssc | |
| 072 | 7 | |a PHI |x 005000 |2 bisacsh | |
| 082 | 0 | 4 | |a 720.1 |2 23 |
| 100 | 1 | |a Miller, George David, |e author. | |
| 245 | 1 | 3 | |a An Idiosyncratic Ethics, Or, the Lauramachean Ethics / |c George David Miller. |
| 264 | 1 | |a Leiden; |a Boston : |b BRILL, |c 1994. | |
| 300 | |a 1 online resource. | ||
| 336 | |a text |b txt |2 rdacontent | ||
| 337 | |a computer |b c |2 rdamedia | ||
| 338 | |a online resource |2 rdacarrier | ||
| 490 | 1 | |a Value Inquiry Book Series ; |v 9 | |
| 504 | |a Includes bibliographical references and index. | ||
| 520 | |a This book is an original synthesis of four elements: (1) the phenomenology of value, (2) caring, (3) the moral imagination, and (4) Kant's formula of humanity. The striking result is an ethics of caring that develops our shared humanity. The probing analysis and pungent argument are assisted by imaginative forms of dialogue, narration, and parable. This lively contribution to our ethical fulfillment concludes with a case for student-centered education that is democratic, creative and caring. | ||
| 588 | |a Description based on print version record. | ||
| 650 | 0 | |a Architecture |x Aesthetics. | |
| 650 | 0 | |a Architecture |x Philosophy. | |
| 776 | 0 | 8 | |i Print version: |t An Idiosyncratic Ethics; Or, the Lauramachean Ethics. |d Leiden ; Boston : BRILL, 1994 |z 9789051836820 |
| 830 | 0 | |a Value Inquiry Book Series ; |v 9. | |
| 856 | 4 | |z DOI: |u http://dx.doi.org/10.1163/9789004463776 | |
| 942 | |2 lcc |c EBOOK | ||
| 952 | |0 0 |1 0 |2 lcc |4 0 |7 1 |9 40199 |a BRILL |b BRILL |d 2022-06-07 |l 0 |r 2022-06-07 00:00:00 |w 2022-06-07 |y EBOOK | ||
| 999 | |c 47319 |d 47319 | ||
